| 000 | 00377nam a2200157Ia 4500 | ||
|---|---|---|---|
| 008 | 121205t1993 xxu||||| |||| 00| 0 eng d | ||
| 041 | _aeng | ||
| 080 |
_a8-1 _bSAR |
||
| 100 | _aMiriam De Saram | ||
| 245 | _aThought Flow | ||
| 260 |
_bAitken Spence Printers _a- _c1993 |
||
| 300 | _b138p., 21 cm | ||
| 942 | _cBK | ||
| 999 |
_c74450 _d74450 |
||
| 003 | LK-CoDNM | ||
| 040 |
_aLK-CoDNM _dLK-CoDNM _eLK-CoDNM |
||